000 02122nam0a2200385 4500
001 RU\NLR\BIBL_A\022643801
005 20260118051932.0
010 _a978-5-507-52672-7
_930
035 _a(NLR Aleph) 022643801
090 _a13513937
_c13513937
100 _a20251014d2025 u y0rusy50 ca
101 0 _arus
102 _aRU
105 _aa j 000yy
181 0 _ai
_baxxe
182 0 _an
200 1 _aВычислительная гидродинамика и тепломассообмен
_eвведение в метод конечных разностей
_eучебное пособие
_eстудентам, обучающимся по программам высшего образования
_fР. Ш. Абиев
203 _aТекст
_bвизуальный
_cнепосредственный
205 _a2-е изд., испр. и доп.
210 _aСанкт-Петербург [и др.]
_cЛань
_d2025
215 _a448 с.
_cил., цв. ил., табл.
_d24
225 1 _aВысшее образование
313 _aИзд. 2002 г.
320 _aБиблиогр.: с. 446-448 (43 назв.)
606 1 _aГидродинамика
_jУчебные издания для высших учебных заведений
_xЗадачи
_xРешение
_xКонечных разностей метод
_92307665
_3RU\NLR\auth\661381253
606 1 _aМассообмен
_jУчебные издания для высших учебных заведений
_xЗадачи
_xРешение
_xКонечных разностей метод
_92307632
_3RU\NLR\AUTH\661381237
606 1 _aТеплообмен
_jУчебные издания для высших учебных заведений
_xЗадачи
_xРешение
_xКонечных разностей метод
_92307636
_3RU\NLR\AUTH\661381238
686 1 _aВ253.31с115я73-1
686 1 _aЛ113-1с11я73-1
686 1 _aЗ312с11я73-1
700 1 _aАбиев
_bР. Ш.
_gРуфат Шовкетович
942 _cBOOK
980 _aNB